000 02040nam0a2200397 4500
001 RU\NLR\bibl\740752
005 20260408175711.0
010 _a5-94321-036-9
_9300
021 _aRU
_b2004-49297
_92427
035 _a(NLR Aleph) 000730641
090 _a760412
_c760412
100 _a20050328d2004 |||y0rusy50 ca
101 0 _arus
102 _aRU
105 _aa |||||||||
200 1 _aМатериалы XXXVI Урало-Поволжской археологической студенческой конференции (2-5 февраля 2004 года)
210 _aПенза
_cИзд-во Пензенского государственного педагогического университета
_d2004
215 _a261 с.
_cил.
_d21
300 _aВ надзаг.: Пенз. гос. пед. ун-т им. В.Г. Белинского, Пенз. гос. объед. краевед. музей
300 _a65 лет Пенз. обл.
300 _a65 лет Пенз. гос. пед. ун-ту
320 _aБиблиогр. в конце докл.
607 _aПоволжье
_jСъезды, совещания и т.п.
_xАрхеологические исследования
_91906256
_3RU\NLR\auth\66868328
607 _aПриуралье
_jСъезды, совещания и т.п.
_xАрхеология
_91539649
_3RU\NLR\auth\66972391
607 _aПриуралье
_jСъезды, совещания и т.п.
_xЭтнография
_91539678
_3RU\NLR\auth\66972404
607 _aПоволжье
_xЭтнография
_3RU\NLR\auth\66869363
_91908101
686 _aТ4(2Р36)я431
686 _aТ4(2Р35)я431
686 _aТ52(235)я431
686 _aТ52(236)я431
710 1 2 _4070
_aУрало-Поволжская археологическая студенческая конференция
_d36
_f2004
_eПенза
_3RU\NLR\AUTH\8810062570
_9626685
801 0 _aRU
_bNLR
_c20050328
_gPSBO
801 1 _aRU
_bNLR
_c20050328
942 _cBOOK
980 _aNB